[Event "Olympiad-37"]
[Site "Turin"]
[Date "2006.06.03"]
[Round "12"]
[White "Naiditsch, Arkadij"]
[Black "Carlsen, Magnus"]
[Result "0-1"]
[WhiteElo "2664"]
[BlackElo "2646"]
[PlyCount "108"]
[EventDate "2006.05.21"]
[EventType "team-swiss"]
[EventRounds "13"]
[EventCountry "ITA"]
[SourceTitle "CBM 113"]
[Source "ChessBase"]
[SourceDate "2006.07.31"]
[SourceVersion "1"]
[SourceVersionDate "2006.07.31"]
[SourceQuality "1"]
[WhiteTeam "Germany"]
[BlackTeam "Norway"]
[WhiteTeamCountry "GER"]
[BlackTeamCountry "NOR"]

1. e4 e5 2. Nf3 Nc6 3. Bc4 Nf6 4. Ng5 d5 5. exd5 b5 6. Bf1 h6 7. Ne6 fxe6 8. dxc6 Bc5 9. d3 O-O 10. Be3 Bxe3 11. fxe3 Qd6 $146 ({RR} 11... Nd5 12. Qe2 Qg5 13. Nd2 Qxe3 14. Ne4 Qb6 15. O-O-O Qxc6 16. g3 Qb6 17. Bg2 Bb7 18. Rde1 b4 19. Kb1 Nc3+ 20. Nxc3 bxc3 21. b3 Rf2 22. Qxe5 Bxg2 23. Rhg1 Bd5 24. Qxc3 Rxh2 25. Rgf1 Rf2 26. Rxf2 {Levitsky,A (2329)-Nagy,G (2532) Chess.com INT 2021 0-1 (46)}) ({RR} 11... Nd5 12. Qe2 Qg5 13. Nd2 Qxe3 14. Ne4 Qb6 15. O-O-O Qxc6 16. g3 Qb6 17. Bg2 Bb7 18. Rde1 b4 19. Kb1 Nc3+ 20. Nxc3 bxc3 21. b3 Rf2 22. Qxe5 Bxg2 23. Rhg1 Bd5 24. Qxc3 Rxh2 25. Rgf1 Rf2 26. Rxf2 {Levitsky,A (2329)-Nagy,G (2532) Chess.com INT 2021 0-1 (46)}) 12. Nd2 Qxc6 13. e4 Qc5 14. Nb3 Qb6 15. Qe2 Bd7 16. g3 a5 17. Bh3 a4 18. Nd2 a3 19. b3 Be8 20. Qf2 Qc6 21. O-O Bh5 22. Qe3 Bg4 23. Bg2 Qxc2 24. Rfc1 Qb2 25. h3 Rad8 26. Rab1 Qxa2 27. Ra1 Qb2 28. Rab1 Qa2 29. Ra1 Qb2 30. Rab1 Qd4 31. Qxd4 Rxd4 32. hxg4 Rxd3 33. Nf1 Ra8 34. Rxc7 a2 35. Ra1 Rxb3 36. Rc2 Rba3 37. Rb2 R8a5 38. Nd2 Nxg4 39. Nb3 R5a4 40. Bh3 h5 41. Bxg4 hxg4 42. Nd2 Rxg3+ 43. Kf2 Rga3 44. Rxb5 Kf7 45. Ke2 Kf6 46. Kd1 Rh3 47. Kc2 g3 48. Rb3 Kg5 49. Kb2 Kg4 50. Rc3 g2 51. Rcc1 Re3 52. Kc2 Kg3 53. Kb2 Kf2 54. Rc2 Re2 0-1

[Event "Olympiad-37"]
[Site "Turin"]
[Date "2006.06.04"]
[Round "13"]
[White "Kamsky, Gata"]
[Black "Carlsen, Magnus"]
[Result "1/2-1/2"]
[WhiteElo "2671"]
[BlackElo "2646"]
[PlyCount "61"]
[EventDate "2006.05.21"]
[EventType "team-swiss"]
[EventRounds "13"]
[EventCountry "ITA"]
[SourceTitle "CBM 113"]
[Source "ChessBase"]
[SourceDate "2006.07.31"]
[SourceVersion "1"]
[SourceVersionDate "2006.07.31"]
[SourceQuality "1"]
[WhiteTeam "US of America"]
[BlackTeam "Norway"]
[WhiteTeamCountry "USA"]
[BlackTeamCountry "NOR"]

1. e4 e5 2. Nf3 Nc6 3. Bb5 a6 4. Ba4 Nf6 5. O-O Nxe4 6. d4 b5 7. Bb3 d5 8. dxe5 Be6 9. Be3 Be7 10. c3 O-O 11. Nbd2 Qd7 12. Re1 Nxd2 13. Qxd2 Na5 14. Bg5 c5 15. Bc2 Nc4 16. Qf4 Rfe8 17. Bf6 Qd8 18. b3 Na3 19. Bxe7 Qxe7 20. Bf5 $146 ({RR} 20. Bd3 a5 21. Ng5 h6 22. Nxe6 fxe6 23. c4 bxc4 24. bxc4 Qg5 25. Qf3 Nxc4 26. Bxc4 dxc4 27. Qe4 Rad8 {½-½ (27) Balogh,C (2575)-Mikhalevski,V (2632) Heviz 2008}) 20... Bxf5 21. Qxf5 Qe6 22. Qd3 a5 23. Rad1 Rad8 24. Re2 h6 25. Qe3 Rc8 26. Red2 Red8 27. h4 Rd7 28. Qf4 b4 29. c4 Rcd8 30. cxd5 Rxd5 31. Qe4 1/2-1/2

[Event "NOR-chT2"]
[Site "Oslo"]
[Date "2006.06.08"]
[Round "2"]
[White "Stokke, Kjetil"]
[Black "Carlsen, Magnus"]
[Result "0-1"]
[WhiteElo "2302"]
[BlackElo "2646"]
[PlyCount "74"]
[EventDate "2006.06.07"]
[EventType "team"]
[EventRounds "5"]
[EventCountry "NOR"]
[SourceTitle "CBM 112 Extra"]
[Source "ChessBase"]
[SourceDate "2006.07.14"]
[SourceVersion "1"]
[SourceVersionDate "2006.07.14"]
[SourceQuality "1"]

1. e4 c5 2. a3 g6 3. d4 cxd4 4. c3 Bg7 5. Nf3 d3 6. Bxd3 Nc6 7. O-O Nf6 8. Bg5 O-O 9. Qe2 $146 ({RR} 9. Qc1 Re8 10. c4 d6 11. h3 Be6 12. Bh6 Na5 13. Bxg7 Kxg7 14. Nbd2 Rc8 15. Nd4 a6 16. Nxe6+ fxe6 17. Qe1 e5 18. Kh2 Qb6 19. b4 Nc6 20. Qe3 Qxe3 21. fxe3 a5 22. Rfb1 b6 23. Bc2 axb4 {Parpinel,M (2137)-Quimi,M (2271) Rome 2007 ½-½ (49)}) 9... d6 10. Nbd2 Nd7 11. Rad1 b6 12. Nc4 Nc5 13. Bc2 Ba6 14. b4 Ne6 15. Bd2 Rc8 16. Bd3 d5 17. exd5 Qxd5 18. Be3 Rfd8 19. Nce5 Bxd3 20. Rxd3 Qe4 21. Rxd8+ Ncxd8 22. Qb5 Nb7 23. Bd4 Nd6 24. Qa4 Nxd4 25. cxd4 Rc7 26. Re1 Qd5 27. h3 Nb5 28. Kh1 Rc3 29. Qa6 Nxd4 30. Qxa7 Bxe5 31. Nxe5 Rxh3+ 32. Kg1 Ne2+ 33. Kf1 Nf4 34. Qb8+ Kg7 35. Nf3 Rh1+ 36. Ng1 Rxg1+ 37. Kxg1 Qxg2# 0-1

[Event "NOR-chT2"]
[Site "Oslo"]
[Date "2006.06.10"]
[Round "4"]
[White "Hansen, Torbjorn Ringdal"]
[Black "Carlsen, Magnus"]
[Result "0-1"]
[WhiteElo "2319"]
[BlackElo "2646"]
[PlyCount "96"]
[EventDate "2006.06.07"]
[EventType "team"]
[EventRounds "5"]
[EventCountry "NOR"]
[SourceTitle "CBM 112 Extra"]
[Source "ChessBase"]
[SourceDate "2006.07.14"]
[SourceVersion "1"]
[SourceVersionDate "2006.07.14"]
[SourceQuality "1"]

1. e4 {Marin,Mihail} e5 2. Nf3 Nc6 3. Bb5 a6 4. Ba4 Nf6 5. O-O Be7 6. Re1 b5 7. Bb3 d6 8. c3 O-O 9. h3 Nb8 10. d4 Nbd7 11. Nbd2 Bb7 12. Bc2 Re8 13. Nf1 Bf8 14. Ng3 g6 ({RR} 14... c6 15. Be3 Qc7 16. a4 Rad8 17. Qc1 h6 18. b3 Qb8 19. Rb1 Qc8 20. b4 Qc7 21. Nd2 d5) 15. b3 c6 16. Bg5 Bg7 ({RR} 16... h6) 17. dxe5 $146 ({RR} 17. Qd2 Qe7 ({RR} 17... Qc7 18. a4 Rac8 ({RR} 18... d5 19. dxe5 Nxe5 20. Nxe5 Qxe5 21. Bf4 Qe6 22. e5) ({RR} 18... Rad8 19. Bd3 Nf8 20. Qc2 Ne6 21. Be3 Nd7 22. Rec1 Qb8 23. axb5 axb5 24. b4) 19. Bd3 Nf8 20. Rec1 Ne6 21. Be3 Nd7 22. Bf1 Nb6 ({RR} 22... Rcd8 23. b4 Qb8 24. axb5 axb5 25. Ra5 Nf6 26. dxe5 dxe5 27. Qc2 Nd7 28. c4 bxc4 29. Bxc4 Qc7 30. Qa2) 23. a5 Nd7 24. b4) 18. a4 Qf8 19. axb5 ({RR} 19. Bd3 d5 20. Nxe5 Nxe5 21. dxe5 Rxe5 22. f4 Ree8 23. e5 Nd7 24. axb5 cxb5 25. Kh1 Qc5 26. b4 Qc7 27. Ne2 f6 28. exf6 Nxf6) ({RR} 19. axb5 axb5 20. dxe5 Nxe5 21. Nxe5 dxe5 22. Qe2 Nd7 23. b4 Bh6 24. Bxh6 Qxh6 25. Bb3 Qf8 26. Nf1 Qe7 27. Nh2 Kg7) ({RR} 19. b4 Nb6 20. dxe5 dxe5 21. Qe2 Nxa4 22. Bxa4 bxa4 23. Be3 Nd7 24. Rxa4 c5) ({RR} 19. Rad1 Rac8 ({RR} 19... d5) 20. Bd3 h6 21. Be3 Rcd8 22. Qa2 Ra8 23. Bc1 ({RR} 23. Qc2) 23... Re6 24. Qd2 Qb8 25. c4 bxa4 26. bxa4 Re8 27. Bb2) 19... axb5 20. dxe5 Nxe5 21. Nxe5 dxe5 22. Qe2 Rxa1 23. Rxa1 Ra8 24. Rxa8 Qxa8 25. Qd3 h6 26. Be3 Bf8 27. b4 Qc8 28. Bb3 Qd7 29. Qe2 h5 30. Qf3 Bg7 31. Bg5 Nh7 {Arjun,K (2322)-Ghosh,D (2569) Bhubaneswar 2017 ½-½ (32)}) ({RR} 17. Qd2 Qe7 18. a4 Qf8 19. Kh1 Rac8 ({RR} 19... d5 20. dxe5 Nxe5 21. Nxe5 Rxe5 22. f4 Ree8 23. e5 Nd7 24. c4) 20. axb5 cxb5 21. Bd3 h6 22. Be3 exd4 23. cxd4 d5 24. e5 Ne4 25. Qb2 f5 26. exf6 Qxf6 27. Rac1 Ndc5 28. Bb1 Nxg3+ 29. fxg3 Ne4 30. Bf4 Qb6 31. Kh2 b4 {Svidler,P (2736)-Sasikiran,K (2690) Foros 2007 CBM 119 [Marin,Mihail] ½-½ (67)}) ({RR} 17. Qd2 Nf8 18. Rad1 Qc7 19. Bh6 Ne6 20. b4 Rad8 21. Bb3 Bc8 22. Bxe6 Bxe6 23. Qg5 Bc8 24. Bxg7 Kxg7 25. dxe5 dxe5 26. Rxd8 Rxd8 27. Qxe5 Qxe5 28. Nxe5 Rd2 29. Nxc6 Rxa2 30. f3 Be6 31. Ne2 Bc4 {Kourkoulos Arditis,S (2570)-Tarlev,K (2579) Mamaia ROU 2024 1-0 (45)}) ({RR} 17. Qd2 Qe7 18. a4 Qf8 19. Rad1 h6 20. Be3 Rad8 21. Qc1 Kh7 22. b4 Re6 23. Qb1 d5 24. dxe5 Nxe4 25. Bxe4 dxe4 26. Nxe4 Nxe5 27. Nfg5+ hxg5 28. Nxg5+ Kg8 29. Nxe6 Rxd1 30. Qxd1 fxe6 31. Bd4 Qd6 {Carlsen,M (2714)-Pruijssers,R (2408) Kemer 2007 1-0 (40)}) ({RR} 17. Qd2 Qc7 18. a4 d5 19. dxe5 Nxe5 20. Nxe5 Qxe5 21. Bf4 Qe6 22. e5 Nd7 23. Bh6 Bh8 24. f4 Qe7 25. Qf2 Nf8 26. Rf1 {½-½ (26) Zhigalko,S (2504)-Belov,V (2589) St Petersburg 2006}) 17... Nxe5 18. Nxe5 Rxe5 19. Qd2 Qf8 20. Bf4 Re6 21. Rad1 d5 22. c4 b4 23. exd5 Rxe1+ 24. Rxe1 cxd5 25. cxd5 Nxd5 26. Be5 Bxe5 27. Rxe5 Rd8 28. Qe1 Qd6 29. Re8+ Rxe8 30. Qxe8+ Kg7 31. Bd3 Bc6 32. Qe1 a5 33. Bc4 Nf4 34. f3 Qf6 35. Qe3 Qg5 36. Kf2 h5 37. Qd4+ Kg8 38. Qa7 Qf6 39. Ne2 Nxg2 40. Nd4 Nf4 41. Nxc6 Nxh3+ 42. Kg3 Ng5 43. Qb8+ Kh7 44. Qf4 Qa1 45. Bxf7 Qg1+ 46. Kh4 Kh6 47. Bd5 Qe1+ 48. Qg3 Qh1+ 0-1

[Event "NOR-chT2"]
[Site "Oslo"]
[Date "2006.06.11"]
[Round "5"]
[White "Hoen, Ragnar Harald"]
[Black "Carlsen, Magnus"]
[Result "0-1"]
[WhiteElo "2291"]
[BlackElo "2646"]
[PlyCount "58"]
[EventDate "2006.06.07"]
[EventType "team"]
[EventRounds "5"]
[EventCountry "NOR"]
[SourceTitle "CBM 112 Extra"]
[Source "ChessBase"]
[SourceDate "2006.07.14"]
[SourceVersion "1"]
[SourceVersionDate "2006.07.14"]
[SourceQuality "1"]

1. e4 c5 2. Nf3 e6 3. d4 cxd4 4. Nxd4 a6 5. Nc3 Qc7 6. Bd3 Nf6 7. Qe2 Bd6 8. h3 Nc6 9. Nxc6 dxc6 10. O-O e5 11. f4 b5 12. a4 $146 ({RR} 12. a3 O-O 13. f5 Re8 14. g4 Nd7 15. g5 f6 16. Kh1 fxg5 17. Bxg5 Be7 18. Bc4+ Kf8 19. Bxe7+ Rxe7 20. Bb3 Nf6 21. Rad1 Bd7 22. Qd2 Be8 23. Qd6 Bf7 24. Qc5 Rb8 25. Be6 Bxe6 26. fxe6 Ke8 {Regam,J (1975)-Nunez Marquina,N (1999) Pocos de Caldas 2013 ½-½ (46)}) 12... Bb7 13. axb5 axb5 14. Rxa8+ Bxa8 15. Kh1 O-O 16. fxe5 Bxe5 17. Bg5 Re8 18. Nd1 c5 19. Bxf6 Bxf6 20. Bxb5 Rxe4 21. Qf3 Qb8 22. Bd3 Rh4 23. Qf5 c4 24. Be2 g6 25. Qd7 Rd4 26. Qa4 c3 27. Qa6 Rd6 28. Qa2 Bd5 29. b3 Re6 0-1

[Event "Tromsoe Midnight Sun"]
[Site "Tromsoe"]
[Date "2006.06.26"]
[Round "3"]
[White "Carlsen, Magnus"]
[Black "Dworakowska, Joanna"]
[Result "1-0"]
[WhiteElo "2646"]
[BlackElo "2364"]
[PlyCount "77"]
[EventDate "2006.06.24"]
[EventType "swiss"]
[EventRounds "9"]
[EventCountry "NOR"]
[SourceTitle "CBM 112 Extra"]
[Source "ChessBase"]
[SourceDate "2006.07.14"]
[SourceVersion "1"]
[SourceVersionDate "2006.07.14"]
[SourceQuality "1"]

1. e4 c5 2. Nf3 d6 3. d4 cxd4 4. Nxd4 Nf6 5. Nc3 a6 6. g3 e5 7. Nb3 Nbd7 8. a4 b6 9. Bg2 Bb7 10. O-O Be7 11. Re1 O-O 12. Nd2 Nc5 13. Nf1 b5 14. Bg5 b4 15. Bxf6 bxc3 16. Bxe7 Qxe7 17. b4 Ne6 18. Ne3 Nd4 19. Qd3 Rac8 $146 ({RR} 19... Qc7 20. Ra3 Rac8 21. Rb1 g6 22. b5 Qc5 23. bxa6 Bxa6 24. Qxa6 Qxa3 25. Nd5 Ra8 26. Qd3 Qxa4 27. Nxc3 Qxc2 28. Qxc2 Nxc2 29. Bf1 Rfb8 30. Rc1 Nd4 31. Nd5 Ra7 32. g4 Kg7 33. Rc3 Rb1 34. Kg2 {Xu,T (2188)-Hou,Y (2549) Beijing 2008 0-1 (34)}) ({RR} 19... Qc7 20. Nf5 Nxf5 21. exf5 Bxg2 22. Kxg2 Rab8 23. Qe4 Rfc8 24. Red1 h6 25. Rab1 Qc4 26. Qxc4 Rxc4 27. Rxd6 Rcxb4 28. Rxb4 Rxb4 29. Rxa6 {½-½ (29) Almasi,Z (2657)-Nielsen,P (2646) Turin 2006}) 20. b5 axb5 21. axb5 Rc5 22. b6 Rb8 23. Reb1 Bc6 24. Nf5 Nxf5 25. exf5 e4 26. Qd4 h5 27. h4 Qe5 28. Qxe5 Rxe5 29. Ra7 Bb7 30. Rb4 d5 31. Bh3 Ree8 32. Kf1 Rec8 33. Ke2 Rc6 34. Ke3 Kf8 35. Bf1 Ke7 36. Ba6 Kd6 37. Rxb7 Ra8 38. Bb5 Rcc8 39. Kd4 1-0

[Event "Tromsoe Midnight Sun"]
[Site "Tromsoe"]
[Date "2006.06.28"]
[Round "5"]
[White "Carlsen, Magnus"]
[Black "Krasenkow, Michal"]
[Result "1/2-1/2"]
[WhiteElo "2646"]
[BlackElo "2650"]
[PlyCount "88"]
[EventDate "2006.06.24"]
[EventType "swiss"]
[EventRounds "9"]
[EventCountry "NOR"]
[SourceTitle "CBM 112 Extra"]
[Source "ChessBase"]
[SourceDate "2006.07.14"]
[SourceVersion "1"]
[SourceVersionDate "2006.07.14"]
[SourceQuality "1"]

1. e4 {Ftacnik,Lubomir Fernandez,Daniel Howard} e5 2. Nf3 Nc6 3. Bb5 a6 4. Ba4 Nf6 5. O-O Nxe4 6. d4 b5 7. Bb3 d5 8. dxe5 Be6 9. Nbd2 Be7 ({RR} 9... Nc5 10. c3 d4 ({RR} 10... Be7 11. Bc2) 11. Ng5 dxc3 ({RR} 11... Qxg5 12. Qf3 O-O-O 13. Bxe6+ fxe6 14. Qxc6 Qxe5 15. b4 Qd5) 12. Nxe6 fxe6 13. bxc3 Qd3 14. Nf3 ({RR} 14. Bc2 Qxc3 15. Nb3) 14... O-O-O 15. Qe1 Nxb3 16. axb3 Kb7 17. Be3 Be7 18. Bg5 ({RR} 18. Qc1) 18... h6 ({RR} 18... Rhe8) 19. Bxe7 Nxe7 20. Nd4 Rxd4 21. cxd4 Qxb3 22. Qe3 Qxe3 23. fxe3 Nd5 24. Kf2) 10. c3 O-O 11. Bc2 f5 ({RR} 11... Bf5) 12. Nb3 ({RR} 12. exf6 Nxf6 13. Nb3 Bg4 14. Qd3) 12... Qd7 13. Nbd4 Nxd4 14. Nxd4 c5 15. Nxe6 Qxe6 16. f3 Ng5 17. a4 ({RR} 17. Bxg5 Bxg5 18. f4) 17... Rad8 ({RR} 17... b4) 18. axb5 axb5 19. Bxg5 ({RR} 19. Ra7 Rd7 20. Rxd7 Qxd7 21. Bxg5 Bxg5 22. f4 Bd8 23. b3) 19... Bxg5 20. f4 Be7 21. Kh1 ({RR} 21. b4 cxb4 22. cxb4 Bxb4 23. Qd3) ({RR} 21. b4 d4 22. bxc5 Kh8 23. cxd4 Bxc5 24. Kh1 Bxd4 25. Rb1 b4 26. Qf3 Bc3 27. Bb3 Qe7 28. Rbd1 Rxd1 29. Rxd1 Rd8 30. Rxd8+ Qxd8 31. Qb7 g6 32. Qf7 Bd4 33. g3 Qa8+ 34. Bd5 Qd8 35. Kg2 Bc3 {Yagupov,I (2230)-Raczek,K (2443) chess.com INT 2025 1-0 (42)}) 21... Kh8 ({RR} 21... d4 22. cxd4 c4 23. b3 ({RR} 23. Qd2 Qd5 ({RR} 23... Bc5 24. Qa5) 24. Ra5) 23... Bc5 24. bxc4 Rxd4 25. Qf3 bxc4 26. Rfd1 g6 27. Rxd4 Bxd4 28. Rd1 ({RR} 28. Ra8 Rxa8 29. Qxa8+ Kg7 30. Qb7+ Qf7 31. Qxf7+) 28... Rd8 29. Qb7 Bb6 30. Rxd8+ Bxd8 31. Ba4 Qb6 32. Qxb6 Bxb6 {½-½ (32) Anand,V (2767)-So,W (2792) Wijk aan Zee 2018 CBM 183 [Fernandez,Daniel Howard]}) ({RR} 21... c4 22. Qd4 Qc6 23. b4 cxb3 24. Bxb3 Kh8 25. Ra5 Rc8 26. Bxd5 Qxc3 27. Qxc3 Rxc3 28. Rxb5) ({RR} 21... Qb6 22. b3 ({RR} 22. Qf3 d4 23. cxd4) 22... d4 23. c4 bxc4 24. bxc4 Qb7 25. Bd3) 22. Qd3 ({RR} 22. Ra7 d4 23. cxd4 Rxd4 24. Qf3 Rd2 25. Rf2 Rd7 26. Rxd7 Qxd7 27. h3 c4 28. g4 g6 29. gxf5) 22... Qc6 $146 ({RR} 22... Qb6 23. g4 d4 ({RR} 23... d4 24. gxf5 c4 25. Qe4 d3 26. Bd1 Qh6 27. Ra7 Bc5) 24. gxf5 c4 25. Qe4 d3 26. Bd1 Qh6 27. Ra7 Bc5 28. Rc7 Rc8 29. Rxc8 Rxc8 30. Bf3 Rd8 31. Kg2 Qh4 32. Ra1 d2 33. Qc6 Qf2+ 34. Kh3 Bf8 35. f6 Rd3 36. fxg7+ Kxg7 37. Qf6+ {Fedorov,A (2617)-Delchev,A (2628) Predeal 2006 ½-½ (38)}) ({RR} 22... Qb6 23. g4 c4 24. Qh3 Qc6 ({RR} 24... d4 25. Bxf5 g6 ({RR} 25... Qc6+ 26. Qg2) 26. Be4 Qe6 27. Qg3) 25. Qg2 ({RR} 25. Bxf5 g6 26. Bc2 ({RR} 26. Bb1 d4+ 27. Qg2 Qxg2+ 28. Kxg2 d3) 26... d4+ 27. Qg2 ({RR} 27. Kg1 d3) 27... Qxg2+ 28. Kxg2 dxc3 29. bxc3 Rd2+ 30. Rf2 Rxf2+ 31. Kxf2 Rxf4+) ({RR} 25. gxf5 d4+ 26. Qg2 Qxg2+ 27. Kxg2 d3 28. Bd1 Rxf5) 25... fxg4 26. f5 Bc5 ({RR} 26... Qc7 27. f6 ({RR} 27. Rae1 d4) 27... gxf6 28. Qxg4 fxe5 ({RR} 28... Qxe5 29. Rfe1) ({RR} 28... Bc5 29. exf6 d4) 29. Bxh7 Bg5 ({RR} 29... Kxh7 30. Qh5+ Kg7 31. Rg1+) 30. Bg6 Bh6 31. Qh5 Qg7 32. Rg1) ({RR} 26... g3 27. Rf3 ({RR} 27. hxg3 Qh6+ 28. Qh2 Qxh2+ 29. Kxh2 d4) ({RR} 27. Rae1 Qh6 28. Qxg3 Bh4) ({RR} 27. f6 gxf6 28. Bxh7 fxe5) ({RR} 27. Qxg3 d4+ 28. Qg2 Qxg2+ 29. Kxg2 d3 30. Bd1 Rd5) 27... d4 28. cxd4 Rxd4 29. Rxg3 Qxg2+ 30. Rxg2 Rfd8) 27. Qxg4 Rde8 ({RR} 27... d4+ 28. Be4 Qc7 29. f6 gxf6 30. exf6) 28. f6 ({RR} 28. Rae1 d4+ 29. Be4 Qc7 30. f6 Rxe5 31. cxd4 Bxd4 32. Rd1 Rxe4 33. fxg7+ Qxg7 34. Rxf8+ Qxf8 35. Qxe4 Bxb2) 28... gxf6 29. Bxh7 Rxe5 ({RR} 29... Kxh7 30. Qh5+ Kg7 31. Rg1+ Bxg1 32. Rxg1#) 30. Bf5 ({RR} 30. Bg6 Qb7 ({RR} 30... d4+ 31. Rf3 Qb7 32. Rg1) 31. Bf5 Rf7 ({RR} 31... d4+ 32. Rf3 Rxf5 33. Qxf5) 32. Rf3 Rg7 33. Qh3+ Kg8 34. Be6+) 30... Rf7 ({RR} 30... Rg8 31. Qh5+ Kg7 32. Qh7+ Kf8 33. Bd7) ({RR} 30... d4+ 31. Rf3 Rg8 32. Qh5+ ({RR} 32. Qh4+ Kg7 33. Be4 Rxe4 34. Rg1+ Kf7 35. Qh7+ Ke6 36. Rxf6+ Kxf6 37. Qh6+ Ke7 38. Qxc6 Rxg1+ 39. Kxg1 Re5) 32... Kg7 33. Qg6+ Kf8 34. Ra8+ Qxa8 ({RR} 34... Ke7 35. Qh7+ Kd6 36. Be4 Rxe4 37. Qxg8 Re8 38. Qg3+ Kd7 39. Rxe8 Kxe8 40. Qg6+) 35. Qxf6+ Ke8 36. Qxe5+ Kd8 37. Bg4 ({RR} 37. Be4 Qa1+) 37... Rf8 ({RR} 37... Qa1+ 38. Kg2 Rxg4+ 39. Kh3 Qg1 40. Qb8+) ({RR} 37... Rxg4 38. Qh8+) 38. Qxc5 Qa1+ ({RR} 38... Rxf3 39. Qxd4+ Ke7 40. Bxf3 Qxf3+ 41. Kg1) 39. Kg2 Qxb2+ 40. Kg3 Rxf3+ 41. Bxf3 Qxc3 42. Qd6+) 31. Rae1 ({RR} 31. Rf3 Rg7 32. Rh3+ Kg8 33. Ra8+ ({RR} 33. Qh5 d4+ 34. Qf3 Qxf3+ 35. Rxf3 d3) ({RR} 33. Qf3 Re3) 33... Qxa8 34. Be6+ Rxe6 ({RR} 34... Kf8 35. Rh8+ Ke7 36. Qxg7+ Kxe6 37. Qg4+ ({RR} 37. Rxa8 Re1+ 38. Kg2 Rg1+) 37... Kd6 38. Rxa8 Re1+ 39. Kg2 Rg1+ 40. Kf3 Rxg4 41. Kxg4) 35. Qxe6+ Rf7 36. Qg4+ Rg7 37. Qe6+ Rf7) ({RR} 31. Rfe1 d4+ ({RR} 31... Bb6 32. Qh5+ Kg8 33. Qg6+ Rg7 ({RR} 33... Kf8 34. Rxe5) 34. Be6+ Rxe6 ({RR} 34... Qxe6 35. Ra8+) 35. Rxe6 Rxg6 36. Rxc6) ({RR} 31... Rg7 32. Qh3+ Kg8 33. Rxe5 fxe5 34. Be6+) 32. Be4 Rxe4 ({RR} 32... Qe6 33. Ra8+) 33. Rxe4 d3 34. Qg2 Rh7 35. Rae1 Bf8 36. Rg1 Qd5) 31... d4+ 32. Be4 Qe6 33. Bf5 ({RR} 33. Qh4+ Kg7 ({RR} 33... Kg8 34. Qh6 Bf8 35. Rg1+ Bg7 36. Ra1) 34. Rg1+ Kf8 35. Qh8+ Ke7 36. Rg8 Qd7) 33... Qc6+ 34. Be4 Qe6 35. Bf5 Qc6+ {½-½ (35) Karjakin,S (2678)-Carlsen,M (2690) Wijk aan Zee 2007 CBM 117 [Ftacnik,Lubomir]}) 23. Rfd1 c4 ({RR} 23... d4 24. c4) 24. Qf3 g6 ({RR} 24... b4 25. cxb4 Bxb4 26. Rd4 Bc5 27. Rxc4) 25. b4 Rd7 26. Qe3 Ra8 27. Qd4 Rdd8 28. g4 Rxa1 29. Rxa1 Ra8 30. Rg1 Bd8 31. e6+ Kg8 32. gxf5 Bb6 33. Qe5 Bxg1 34. fxg6 hxg6 35. Bxg6 Bb6 36. Qg5 Qxe6 37. Bf5+ Kf8 38. Bxe6 Ra1+ 39. Kg2 Rg1+ 40. Kf3 Rxg5 41. fxg5 d4 42. cxd4 Bxd4 43. h4 Bc3 44. Bd7 Bxb4 1/2-1/2

[Event "Tromsoe Midnight Sun"]
[Site "Tromsoe"]
[Date "2006.06.29"]
[Round "6"]
[White "Rozentalis, Eduardas"]
[Black "Carlsen, Magnus"]
[Result "1/2-1/2"]
[WhiteElo "2596"]
[BlackElo "2646"]
[PlyCount "43"]
[EventDate "2006.06.24"]
[EventType "swiss"]
[EventRounds "9"]
[EventCountry "NOR"]
[SourceTitle "CBM 112 Extra"]
[Source "ChessBase"]
[SourceDate "2006.07.14"]
[SourceVersion "1"]
[SourceVersionDate "2006.07.14"]
[SourceQuality "1"]

1. e4 e5 2. Nf3 Nc6 3. Bb5 a6 4. Bxc6 dxc6 5. O-O Qf6 6. d3 Ne7 7. Be3 Ng6 ({RR} 7... Bd7 8. Nbd2 Qe6 9. a4 a5 10. Nc4 f6 11. Qe2 b6 12. d4 exd4 13. Bf4 c5 14. Bxc7 Nc8 15. Rfe1 Ra7 16. Bg3 Be7 17. b3 O-O 18. Nfd2 Bc6 19. Na3 Kh8 20. Nb5 Rb7 21. Rad1 Na7 22. Nxa7 {Tezcan,A (2170)-Veinberg,N (2425) Kavala GRE 2025 ½-½ (52)}) 8. Nbd2 Bd6 ({RR} 8... c5 9. Re1 b6 10. c3 Bb7 11. d4 exd4 12. cxd4 cxd4 13. Bxd4 Qe6 14. Rc1 c5 15. Be3 Be7 16. e5 O-O 17. Nc4 Rad8 18. Qe2 Rfe8 19. b3 h6 20. Rcd1 Rxd1 21. Rxd1 Bxf3 22. Qxf3 b5 23. Na5 {Firouzja,A (2767)-Carlsen,M (2832) Paris FRA 2024 0-1 (37)}) 9. h3 O-O 10. Nc4 $146 ({RR} 10. a4 a5 11. Nh2 Re8 12. Nc4 Bf8 13. Qh5 Qe7 14. Nf3 f6 15. Nh4 Nxh4 16. Qxh4 g5 17. Qg3 Bg7 18. Bd2 b6 19. Ne3 Qf7 20. Qf3 c5 21. b3 Be6 22. Nf5 Rad8 23. Be3 Qg6 24. g4 h5 {Postny,E (2549)-Nogerbek,K (2493) chess.com INT 2023 0-1 (49)}) ({RR} 10. a4 a5 11. Nh2 Re8 12. Nc4 Bf8 13. Qh5 Qe7 14. Nf3 f6 15. Nh4 Nxh4 16. Qxh4 g5 17. Qg3 Bg7 18. Bd2 b6 19. Ne3 Qf7 20. Qf3 c5 21. b3 Be6 22. Nf5 Rad8 23. Be3 Qg6 24. g4 h5 {Postny,E (2549)-Nogerbek,K (2493) chess.com INT 2023 0-1 (49)}) 10... b5 11. Nxd6 cxd6 12. d4 Qe7 13. Re1 Bb7 14. dxe5 dxe5 15. c4 Rfd8 16. Qc2 Bc8 17. a4 Be6 18. axb5 axb5 19. Rxa8 Rxa8 20. cxb5 cxb5 21. Qc6 Qe8 22. Qxe8+ 1/2-1/2

[Event "Tromsoe Midnight Sun"]
[Site "Tromsoe"]
[Date "2006.06.30"]
[Round "7"]
[White "Carlsen, Magnus"]
[Black "Shipov, Sergei"]
[Result "0-1"]
[WhiteElo "2646"]
[BlackElo "2576"]
[PlyCount "152"]
[EventDate "2006.06.24"]
[EventType "swiss"]
[EventRounds "9"]
[EventCountry "NOR"]
[SourceTitle "CBM 112 Extra"]
[Source "ChessBase"]
[SourceDate "2006.07.14"]
[SourceVersion "1"]
[SourceVersionDate "2006.07.14"]
[SourceQuality "1"]

1. e4 e6 2. d4 d5 3. Nd2 a6 4. Ngf3 c5 5. exd5 exd5 6. dxc5 Bxc5 7. Nb3 Bb6 8. Qe2+ Ne7 9. Be3 Nbc6 10. Bxb6 Qxb6 11. Qd2 O-O 12. Be2 a5 13. a4 Bf5 14. O-O Rac8 15. Bb5 Be4 16. Ng5 $146 ({RR} 16. Nbd4 Nxd4 17. Nxd4 Nc6 18. c3 Nxd4 19. Qxd4 Qxd4 20. cxd4 Rc2 21. f3 Bg6 22. Rf2 Rfc8 23. Re1 f6 24. Re7 Rc1+ 25. Rf1 R1c7 26. Rfe1 Kf8 27. Rxc7 Rxc7 28. Kf2 {½-½ (28) Kasparov,S (2449)-Gurevich,M (2569) Charleroi 2018}) 16... Bg6 17. Rfe1 d4 18. Nf3 Rfd8 19. Nh4 Nf5 20. Nxg6 hxg6 21. Bd3 Nb4 22. Re5 Nxd3 23. Qxd3 Rc6 24. Rae1 Qb4 25. Nxa5 Rcc8 26. R1e2 Qxb2 27. g3 Qa1+ 28. Re1 Qxa4 29. Nxb7 Rf8 30. Nc5 Qa7 31. Ne4 Qa2 32. Re2 Qa1+ 33. Kg2 Qa8 34. Qf3 d3 35. Re1 dxc2 36. Rc1 Rfd8 37. Kh3 Nd4 38. Qe3 Nf5 39. Qb3 Nd4 40. Qe3 Qb7 41. Ng5 Qd7+ 42. g4 Re8 43. Rxe8+ Rxe8 44. Qd3 Qe7 45. Nf3 Ne2 46. Qxc2 Nxc1 47. Qxc1 Qf6 48. Kg3 Qd6+ 49. Kg2 Qd5 50. Kg3 Re4 51. h3 f6 52. Qc8+ Kh7 53. Qc2 Rb4 54. Qe2 Rb3 55. Kg2 Qd3 56. Qxd3 Rxd3 57. Nh4 g5 58. Nf5 Kg8 59. Ne3 Kf7 60. Kg3 Ke6 61. Kg2 Ke5 62. Nf1 Kd4 63. Ng3 Ke5 64. Nf1 Kf4 65. Nh2 Ra3 66. Nf1 g6 67. Nh2 Ke4 68. Nf1 Rd3 69. Ng3+ Ke5 70. Nf1 f5 71. gxf5 gxf5 72. Nh2 Ke4 73. Nf1 f4 74. Nh2 f3+ 75. Kg3 Rd1 76. h4 Rg1+ 0-1